| 000 | 00449nam a2200181 i 4500 | ||
|---|---|---|---|
| 001 | bg | ||
| 245 | 0 |
_aElementy geodezji w pomiarach inżynierskich / _cpod red. R. J. Grabowskiego. |
|
| 250 | _a[Wyd.2]. | ||
| 260 |
_aBiałystok, _c1991. |
||
| 490 | 1 | _aSkrypty | |
| 700 | 1 |
_aGrabowski, Józef. _eRed. |
|
| 830 | _aSkrypty | ||
| 040 | _cBPK | ||
| 041 | _apol | ||
| 080 | _a528(075.8) | ||
| 942 | _cKS | ||
| 008 | s pl f |000 0 pol | ||
| 999 |
_c4675 _d4675 |
||
| 856 |
_uhttp://koha.tu.koszalin.pl/cgi-bin/koha/opac-detail.pl?biblionumber=4675 _yKatalog online BPK |
||